000 00973cam a2200241 4500
001 ##L131117
008 050930n2005 000 0 eng u
020 _a1860818668
035 _a(Sirsi) u131117
041 0 _aeng
050 0 4 _a693.6 $2 18
100 1 _aHarrison, Harry
245 0 0 _aPlastering and internal rendering
_bworkmanship
260 _aWatford
_bBRE
_c2005
300 _a6p.
_bill diagrams
_c30cm.
350 _a12 00
490 0 _aBRE Good Building Guide
_vGBG 65: Part 2
520 _aThis guide covers good practice, the storage and handling of materials, protection of surrounding construction, preparation of surfaces, control of suction, dubbing out, bonding agents, permissible deviations, check lists and restoration of defective work.
590 _aIKA111005
690 _aBUILT ENVIRONMENT-BUILDING ELEMENTS-PARTS OF BUILDING ELEMENTS-INTERNAL FINISHES-WALL INTERNAL FINISHES
710 2 _aBuilding Research Establishment
942 _n0
999 _c104643
_d104643